<?xml version="1.0" encoding="UTF-8"?>
<collection xmlns="http://www.loc.gov/MARC21/slim">
 <record>
  <leader>00977pamaa2200241   4500</leader>
  <controlfield tag="001">0000046549</controlfield>
  <controlfield tag="005">20130815090000.0</controlfield>
  <controlfield tag="008">100119                             eng  </controlfield>
  <datafield tag="020" ind1="0" ind2="0">
   <subfield code="a">9781401871949 (CD-ROM) </subfield>
  </datafield>
  <datafield tag="090" ind1="0" ind2="0">
   <subfield code="a">RC78.D53 </subfield>
   <subfield code="b">CAR 2006</subfield>
  </datafield>
  <datafield tag="100" ind1="1" ind2="0">
   <subfield code="a">Carlton </subfield>
  </datafield>
  <datafield tag="245" ind1="1" ind2="0">
   <subfield code="a">Principles of radiographic imaging : </subfield>
   <subfield code="b">an art and a science [</subfield>
   <subfield code="m">CD-ROM]  </subfield>
   <subfield code="c">Richard R. Carlton, Arlene M. Adler ; contributors, Eugene D. Frank ... [et al.].</subfield>
  </datafield>
  <datafield tag="250" ind1="0" ind2="0">
   <subfield code="a">4th ed.</subfield>
  </datafield>
  <datafield tag="260" ind1="0" ind2="0">
   <subfield code="a">Clifton Park, NY: </subfield>
   <subfield code="b">Thomson Delmar Learning, </subfield>
   <subfield code="c">2006.</subfield>
  </datafield>
  <datafield tag="300" ind1=" " ind2=" ">
   <subfield code="a">1 CD-ROM; </subfield>
   <subfield code="c">4.5 inch.</subfield>
  </datafield>
  <datafield tag="500" ind1="0" ind2="0">
   <subfield code="a">To accompany textbook titled &quot;Principles of radiographic imaging : an art and a science / Richard R. Carlton, Arlene M. Adler ; contributors, Eugene D. Frank ... [et al.]&quot;</subfield>
  </datafield>
  <datafield tag="501" ind1="0" ind2="0">
   <subfield code="a">FMHS</subfield>
  </datafield>
  <datafield tag="650" ind1="0" ind2="0">
   <subfield code="a">Technology, Radiologic </subfield>
  </datafield>
  <datafield tag="650" ind1="0" ind2="0">
   <subfield code="a">Radiography </subfield>
  </datafield>
  <datafield tag="650" ind1="0" ind2="0">
   <subfield code="a">Radiography, Medical </subfield>
  </datafield>
  <datafield tag="700" ind1="1" ind2="1">
   <subfield code="a">Adler, </subfield>
   <subfield code="h">Arlene McKenna </subfield>
  </datafield>
  <datafield tag="700" ind1="1" ind2="1">
   <subfield code="a">Frank, </subfield>
   <subfield code="h">Eugene D. </subfield>
  </datafield>
  <datafield tag="901" ind1=" " ind2=" ">
   <subfield code="u">http://www.thomsonlearning.co.uk</subfield>
  </datafield>
 </record>
</collection>
